1847 1880 1224 1555 1305 1312 1851 1358 1704 1850 1406 1437 1263 1474 1905 1669 1307 1092 1002 1120 1003 1109 1991 1032 1191 1326 1221 1149 1983 1983 1353 1638 1199 1192 1378 1509 1747 1235 1086 1431 1148 1875 1520 1854 1648 1390 1487 1661 1759 1888 1167 1518 1015 1651 1020 1380 1840 1539 1279 1863 1229 1929 1281 1402 1443 1177 1686 1524 1448 1803 1257 1638 1437 1456 1569 1644 1572 1513 1161 1894 1204 1215 1766 1591 1915 1683 1578 1268 1497 1732 1042 1864 1949 1467 1291 1715 1430 1386 1670 BCNSPRNW ULIB Ver.6.0+V

เปลี่ยนเป็นภาษาไทย

Change to English
 แสดงรายละเอียดบรรณานุกรม
  กลับหน้าหลัก

Brief Record : Get Marc (ISO 2709) : E-mail record : QR code < ปิดหน้าต่าง
LEADER : 00000nam 2200000uu 4500
001    13399129098
003     ULIB
008    250716s2566||||th 000 0 tha d
020    ^a9789740340393
050  4 ^aLB1028^bย425ส
100    ^aยุภาดี ปณะราช.
245 1  ^aสถิติเพื่อการวิจัยทางการศึกษา =^bStatistics for educational research /^cยุภาดี ปณะราช.
246 3  ^aStatistics for educational research
246 3  ^aStatistics for research education
250    ^aพิมพ์ครั้งที่ 3.
260    ^aกรุงเทพฯ :^bสำนักพิมพ์จุฬาลงกรณ์มหาวิทยาลัย,^c2566.
300    ^a255 หน้า ;^c26 ซม.
505    ^aความรู้เบื้องต้นเกี่ยวกับสถิติ -- การสุ่มตัวอย่าง -- สมมติฐาน -- การวัดแนวโน้มเข้าสู่ส่วนกลาง -- การวัดการกระจาย -- การเปรียบเทียบค่าเฉลี่ยของข้อมูลกับเกณฑ์ -- การเปรียบเทียบค่าเฉลี่ยข้อมูลสองชุดที่ไม่เป็นอิสระจากกัน -- การเปรียบเทียบค่าเฉลี่ยข้อมูลสองชุดที่เป็นอิสระจากกัน -- การวิเคราะห์ความแปรปรวนทางเดียว -- การวิเคราะห์ความสัมพันธ์ -- การวิเคราะห์ถดถอย
505 0  ^aบทที่ 1 ความรู้เบื้องต้นเกี่ยวกับสถิติ -- บทที่ 2 การสุ่มตัวอย่าง -- บทที่ 3 สมมติฐาน -- บทที่ 4 การวัดแนวโน้มเข้าสู่ส่วนกลาง -- บทที่ 5 การวัดการกระจาย -- บทที่ 6 การเปรียบเทียบค่าเฉลี่ยของข้อมูลกับเกณฑ์ -- บทที่ 7 การเปรียบเทียบค่าเฉลี่ยข้อมุลสองชุดที่ไม่เป็นอิสระจากกัน -- บทที่ 8 การเปรียบเทียบค่าเฉลี่ยข้อมูลสองชุดที่เป็นอิสระจากกัน -- บทที่ 9 การวิเคราะห์ความแปรปรวนทางเดียว -- บทที่ 10 การวิเคราะห์ความสัมพันธ์ -- บทที่ 11 การวิเคราะห์ถดถอย
505 0  ^a^tความรู้เบื้องต้นเกี่ยวกับสถิติ --^tการสุ่มตัวอย่าง --^tสมมติฐาน --^tการวัดแนวโน้มเข้าสู่ส่วนกลาง --^tการวัดการกระจาย --^tการเปรียบเทียบค่าเฉลี่ยของข้อมูลกับเกณฑ์ --^tการเปรียบเทียบค่าเฉลี่ยข้อมูลสองชุดที่ไม่เป็นอิสระจากกัน --^tการเปรียบเทียบค่าเฉลี่ยข้อมูลสองชุดที่เป็นอิสระจากกัน --^tการวิเคราะห์ความแปรปรวนทางเดียว --^tการวิเคราะห์ความสัมพันธ์ --^tการวิเคราะห์ถดถอย
505 2  ^aความรู้เบื้องต้นเกี่ยวกับสถิติ -- การสุ่มตัวอย่าง -- สมมติฐาน -- การวัดแนวโน้มเข้าสู่ส่วนกลาง -- การวัดการกระจาย -- การเปรียบเทียบค่าเฉลี่ยของข้อมูลกับเกณฑ์ -- การเปรียบเทียบค่าเฉลี่ยข้อมูลชุดที่ไม่เป็นอิสระจากกัน -- การเปรียบเทียบค่าเฉลี่ยข้อมูลสองชุดที่เป็นอิสระจากกัน -- การวิเคราะห์ความแปรปรวนทางเดียว -- การวิเคราะห์ความสัมพันธ์ -- การวิเคราะห์ถดถอย
505 2  ^aความรู้เบื้องต้นเกี่ยวกับสถิติ -- การสุ่มตัวอย่าง -- สมมติฐาน -- การวัดแนวโน้มเข้าสู่ส่วนกลาง -- การวัดการกระจาย -- การเปรียบเทียบค่าเฉลี่ยของข้อมูลกับเกณฑ์ -- การเปรียบเทียบค่าเฉลี่ยข้อมูลสองชุดที่ไม่เป็นอิสระจากกัน -- การเปรียบเทียบค่าเฉลี่ยข้อมูลสองชุดที่เป็นอิสระจากกัน -- การวิเคราะห์ควาแปรปรวนทางเดียว -- การวิเคราะห์ความสัมพันธ์ -- การวิเคราะห์ถดถอย
505 2  ^aสารบัญ : ความรู้เบื้องต้นเกี่ยวกับสถิติ -- การสุ่มตัวอย่าง -- สมมติฐาน -- การวัดแนวโน้มเข้าสู่ส่วนกลาง -- การวัดการกระจาย -- การเปรียบเทียบค่าเฉลี่ยของข้อมูลกับเกณฑ์ -- การเปรียบเทียบค่าเฉลี่ยข้อมูลชุดที่ไม่เป็นอิสระจากกัน -- การเปรียบเทียบค่าเฉลี่ยข้อมูลสองชุดที่เป็นอิสระจากกัน -- การวิเคราะห์ความแปรปรวนทางเดียว -- การวิเคราะห์ความสัมพันธ์ -- การวิเคราะห์ถดถอย
650    ^aการศึกษา^xวิจัย.
650    ^aการศึกษา^xสถิติ.
650    ^aคณิตศาสตร์สถิติ.
650    ^aสังคมศาสตร์^xระเบียบวิธีทางสถิติ.
650  0 ^aEducation^xStatistics
650  0 ^aStatistics
650  4 ^aการศึกษา^xวิจัย^xระเบียบวิธีทางสถิติ
650  4 ^aการศึกษา^xวิจัย^xสถิติ.
650  4 ^aวิจัย^xระเบียบวิธีทางสถิติ.
650  4 ^aสถิติ^xวิจัย.
650  4 ^aสถิติการศึกษา.
650  4 ^aสังคมศาสตร์^xระเบียบวิธีทางสถิติ^xโปรแกรมคอมพิวเตอร์.
650  7 ^aeducational research.
650  7 ^aการศึกษา^xระเบียบวิธีทางสถิติ
650  7 ^aการศึกษา^xวิจัย^2tshd.
650  7 ^aวิจัยเชิงปฏิบัติการทางการศึกษา.
650  7 ^aสถิติ
650  7 ^aสถิติการศึกษา^2tshd
650  7 ^aสถิติศาสตร์^2tshd
650  7 ^aสังคมศาสตร์^xระเบียบวิธีทางสถิติ^2tshd
945    ^p300^l0^i011851
945    ^p300^l0^i011852
945    ^p300^l0^i011853
999    ^aประนอม เกษจรัล
รายการนี้ยังไม่มีแท็ก
คุณยังไม่ได้ล็อกอิน คุณสามารถมีกิจกรรมร่วมกับเว็บไซต์ได้ แต่ต้องล็อกอินก่อน ::
  ล็อกอิน

รายการสื่อสารสนเทศ

ลำดับที่ ประเภท เลขเรียก/บาร์โค้ด สถานที่ สถานะ
1. การศึกษาทั่วไป
หนังสือสำรอง
สถานะ=หนังสือสำรอง
LB1028 ย425ส ฉ.1 
  Barcode: 011851
ห้องสมุดวิทยาเขตสวรรค์ประชารักษ์
►หนังสือทั่วไป
บนชั้น
2. การศึกษาทั่วไป
การศึกษาทั่วไป
LB1028 ย425ส ฉ.2 
  Barcode: 011852
ห้องสมุดวิทยาเขตสวรรค์ประชารักษ์
►หนังสือทั่วไป
บนชั้น
3. การศึกษาทั่วไป
การศึกษาทั่วไป
LB1028 ย425ส ฉ.3 
  Barcode: 011853
ห้องสมุดวิทยาเขตสวรรค์ประชารักษ์
►หนังสือทั่วไป
บนชั้น

รายการใกล้เคียง
    ผู้แต่ง [ยุภาดี ปณะราช.]

    หัวเรื่อง [คณิตศาสตร์สถิติ.]
    หัวเรื่อง [Statistics]
    หัวเรื่อง [สถิติการศึกษา.]
    หัวเรื่อง [educational research.]
    หัวเรื่อง [วิจัยเชิงปฏิบัติการทางการศึกษา.]
    หัวเรื่อง [สถิติ]

BibComment


ยังไม่เคยถูกคอมเมนท์

คอมเมนท์ทรัพยากรรายการนี้
  คอมเมนท์: สถิติเพื่อการวิจ..


 Copyright 2026. Bcnsprnw @Library